000 00303nam a2200133Ia 4500
005 20251222140036.0
008 251222s1900||||xx |||||||||||||| ||spa||
020 _a9506142998
082 _a142/M26
100 _a Herbert Marcuse
245 0 _aEl Hombre Unidimensional
264 _bOrbis
942 _cLIB
999 _c3125
_d3125